Statistics for Countries closest to the Europe/Asia Border

Click here to take the quiz!

General Stats

  • This quiz has been taken 1,017 times
    (967 since last reset)
  • The average score is 23 of 25

Answer Stats

Continentkm AwayAnswer% Correct
Both0Russia
99%
JetPunk considered Asia0Turkey
99%
JetPunk considered Asia0Georgia
97%
JetPunk considered Asia226Armenia
96%
JetPunk considered Asia0Azerbaijan
96%
JetPunk considered Europe753Ukraine
96%
Europe286Bulgaria
94%
JetPunk considered Asia1126Cyprus
94%
Europe237Greece
94%
Europe570Romania
94%
Asia381Iran
93%
Asia1214Iraq
92%
JetPunk considered Asia0Kazakhstan
92%
Asia1087Syria
92%
Europe811Moldova
90%
Europe741Serbia
90%
Europe840Albania
88%
Europe913Kosovo
88%
Asia384Turkmenistan
87%
Asia1364Lebanon
86%
Asia426Uzbekistan
86%
Europe1047Bosnia and Herzegovina
85%
Europe955Montenegro
84%
Europe1193Hungary
81%
Europe692Macedonia
80%

Score Distribution

Percentile by Number Answered

Percent of People with Each Score

Your Score History

You have not taken this quiz since the last reset